[Event "Tamil Nadu IM 4th"]
[Site "Chennai"]
[Date "2023.11.10"]
[Round "7"]
[White "Laddha, Shubh Jayesh"]
[Black "Gochelashvili, David"]
[Result "0-1"]
[WhiteElo "2373"]
[BlackElo "2304"]
[PlyCount "98"]
[EventDate "2023.11.06"]
[EventType "tourn"]
[EventRounds "9"]
[EventCountry "IND"]
[EventCategory "2"]
[SourceTitle "CB46_2023"]
[SourceDate "2023.11.15"]
[SourceVersion "1"]
[SourceVersionDate "2023.11.15"]
[SourceQuality "1"]

1. e4 e5 2. Nf3 Nc6 3. Bb5 a6 4. Ba4 Nf6 5. d3 d6 6. c3 g6 7. 0-0 Bg7 8. Re1 0-0 9. Nbd2 Kh8 10. Nf1 b5 11. Bc2 d5 12. Ng3 dxe4 13. dxe4 Qe7 14. Qe2 Na5 15. b4 Nc4 16. Nd2 Be6 17. a4 Nd7 18. Nxc4 Bxc4 19. Bd3 Nb6 20. axb5 axb5 21. Be3 Rxa1 22. Rxa1 Rd8 23. Bxc4 Nxc4 24. Bc5 Qd7 25. Qf3 Nd2 26. Qd1 h5 27. Be3 h4 28. Qxd2 Qxd2 29. Bxd2 Rxd2 30. Nf1 Rc2 31. Ra3 Bh6 32. h3 Kg7 33. Rb3 Rc1 34. g3 hxg3 35. fxg3 Bd2 36. Kf2 Bxc3 37. Ne3 Bd4 38. Kf3 c6 39. g4 Rh1 40. Kg2 Re1 41. Kf3 Rxe3+ 42. Rxe3 Bxe3 43. Kxe3 g5 44. Kd3 Kf6 45. Kc3 Ke6 46. Kb3 Kd6 47. Kc3 c5 48. Kb3 cxb4 49. Kxb4 Kc6 0-1

[Event "Qatar Masters op"]
[Site "Doha"]
[Date "2023.10.11"]
[Round "1"]
[White "Makarian, Rudik"]
[Black "Laddha, Shubh Jayesh"]
[Result "1/2-1/2"]
[WhiteElo "2548"]
[BlackElo "2373"]
[PlyCount "120"]
[EventDate "2023.10.11"]
[EventType "swiss"]
[EventRounds "9"]
[EventCountry "QAT"]
[SourceTitle "Mega2024 Update 01"]
[Source "Chessbase"]
[SourceDate "2023.11.12"]
[SourceVersion "1"]
[SourceVersionDate "2023.11.12"]
[SourceQuality "1"]

1. d4 d5 2. c4 c6 3. cxd5 cxd5 4. Bf4 Nf6 5. Nc3 Nc6 6. e3 a6 7. Be2 Bf5 8. Nf3 Nh5 9. Be5 e6 10. 0-0 Be7 11. Rc1 Nf6 12. Qb3 Na5 13. Qa4+ Nc6 14. Qb3 Na5 15. Qd1 Nc6 16. Na4 0-0 17. Qb3 Na5 18. Qb6 Nd7 19. Qxd8 Bxd8 20. Bd6 Re8 21. Nd2 b5 22. Nc5 Nxc5 23. Bxc5 Rc8 24. b3 Nb7 25. b4 Nxc5 26. bxc5 Ra8 27. a3 Bc7 28. Nb3 Reb8 29. Rfd1 a5 30. Bd3 a4 31. Na1 Bxd3 32. Rxd3 b4 33. axb4 Rxb4 34. Ra3 e5 35. Nc2 Rc4 36. Ra2 exd4 37. exd4 Bd8 38. Rd1 Bf6 39. Kf1 Re8 40. Ne3 Rxd4 41. Rxd4 Bxd4 42. Nxd5 Bxc5 43. Rxa4 h6 44. Rc4 Bf8 45. f4 Rd8 46. Rd4 Rd6 47. Ke2 f5 48. Rd3 Kf7 49. Ne3 Rxd3 50. Kxd3 Ke6 51. Ke2 Bc5 52. Nf1 g5 53. fxg5 hxg5 54. h3 g4 55. hxg4 fxg4 56. Nh2 Kf5 57. g3 Bd6 58. Kf2 Bxg3+ 59. Kxg3 Ke4 60. Kxg4 Ke5 1/2-1/2

[Event "Titled Tuesday intern op 12th Sep Early"]
[Site "Chess.com INT"]
[Date "2023.09.12"]
[Round "2"]
[White "Aronian, Levon"]
[Black "Laddha, Shubh Jayesh"]
[Result "1-0"]
[WhiteElo "2742"]
[BlackElo "2373"]
[PlyCount "65"]
[EventDate "2023.09.12"]
[EventType "swiss (blitz)"]
[EventRounds "11"]
[EventCountry "USA"]
[SourceTitle "EXT 2024"]
[Source "ChessBase"]
[SourceDate "2023.10.10"]
[SourceVersion "1"]
[SourceVersionDate "2023.10.10"]
[SourceQuality "1"]

1. e4 e5 2. Nf3 Nc6 3. Bc4 Nf6 4. Ng5 d5 5. exd5 Na5 6. Bb5+ c6 7. dxc6 bxc6 8. Be2 h6 9. Nh3 Bd6 10. d3 0-0 11. 0-0 c5 12. Kh1 Rb8 13. Ng1 Nc6 14. c3 Bf5 15. Nd2 Re8 16. Bf3 Ne7 17. Ne4 Ng6 18. b3 Nh4 19. Be3 Rc8 20. Ng3 Nxf3 21. Nxf5 Nxg1 22. Kxg1 Bf8 23. Qf3 Qxd3 24. Nxh6+ gxh6 25. Qxf6 Bg7 26. Qh4 Re6 27. c4 Rg6 28. Rad1 Qe2 29. Qh3 Re8 30. Rd2 Qg4 31. Qxg4 Rxg4 32. Bxc5 e4 33. Bxa7 1-0